Catalog

Record Details

Catalog Search



Popped : a Regan Reilly mystery  Cover Image Book Book

Popped : a Regan Reilly mystery / Carol Higgins Clark.

Record details

  • ISBN: 0743249372
  • Physical Description: 272 pages ; 24 cm.
  • Publisher: New York : Scribner, c2003.
Subject: Reilly, Regan (Fictitious character).
Women private investigators > California > Los Angeles > Fiction.
Los Angeles (Calif.) > Fiction.
Genre: Mystery fiction.

LDR 01005cam a2200277 a 4500
001121762
003CONS
00520140703075958.0
008030806s2003 nyu 000 0 eng
010 . ‡a 2003060263
020 . ‡a0743249372
035 . ‡a(CPomAG)LMN470581
043 . ‡an-us-ca
05000. ‡aPS3553.L278 ‡bP67 2003
08200. ‡a813/.54 ‡222
1001 . ‡aClark, Carol Higgins.
24510. ‡aPopped : ‡ba Regan Reilly mystery / ‡cCarol Higgins Clark.
260 . ‡aNew York : ‡bScribner, ‡cc2003.
300 . ‡a272 pages ; ‡c24 cm.
650 0. ‡aReilly, Regan (Fictitious character).
650 0. ‡aWomen private investigators ‡zCalifornia ‡zLos Angeles ‡vFiction.
651 0. ‡aLos Angeles (Calif.) ‡vFiction.
655 7. ‡aMystery fiction. ‡2gsafd
85642. ‡3Publisher description ‡uhttp://www.loc.gov/catdir/description/simon041/2003060263.html ‡zPublisher description
959 . ‡i32269000687544 ‡lF Cla ‡aAdult - Fiction ‡tFiction ‡g23.00
852 . ‡p32269000687544 ‡jF Cla ‡gAdult - Fiction ‡cFiction ‡y23.00 ‡bSBPL
901 . ‡a121762 ‡bUnknown ‡c121762 ‡tbiblio

Additional Resources